| 000 | 01730nam a2200433 a 4500 | ||
|---|---|---|---|
| 001 | ebr10480055 | ||
| 003 | CaPaEBR | ||
| 006 | m u | ||
| 007 | cr cn||||||||| | ||
| 008 | 090211s2008 enkad sb 001 0 eng d | ||
| 010 | _z 2009285477 | ||
| 020 | _z9780745327334 (hardback) | ||
| 020 | _z0745327338 (hardback) | ||
| 020 | _z9780745327327 (Pluto Press pbk.) | ||
| 020 | _z074532732X (Pluto Press pbk.) | ||
| 020 | _z9781770095823 (Jacana : pbk.) | ||
| 020 | _z1770095829 (Jacana : pbk.) | ||
| 020 | _z9781849643740 (e-book) | ||
| 040 |
_aCaPaEBR _cCaPaEBR |
||
| 035 | _a(OCoLC)298517136 | ||
| 050 | 1 | 4 |
_aRA643.8 _b.B65 2008eb |
| 100 | 1 | _aBoler, Tania. | |
| 245 | 1 | 4 |
_aThe politics of prevention _h[electronic resource] : _ba global crisis in AIDS and education / _cTania Boler and David Archer. |
| 260 |
_aLondon ; _aAnn Arbor, Mich. : _bPluto Press ; _aAuckland Park, South Africa : _bJacana, _c2008. |
||
| 300 |
_axi, 162 p. : _bill. |
||
| 500 | _a"actionaid." | ||
| 504 | _aIncludes bibliographical references (p. 140-154) and index. | ||
| 533 |
_aElectronic reproduction. _bPalo Alto, Calif. : _cebrary, _d2013. _nAvailable via World Wide Web. _nAccess may be limited to ebrary affiliated libraries. |
||
| 650 | 0 |
_aAIDS (Disease) _xPolitical aspects. |
|
| 650 | 0 |
_aAIDS (Disease) _xEducation. |
|
| 650 | 0 |
_aAIDS (Disease) _xPrevention. |
|
| 650 | 0 |
_aHIV (Viruses) _xPrevention. |
|
| 650 | 0 |
_aHIV (Viruses) _xEducation. |
|
| 655 | 7 |
_aElectronic books. _2local |
|
| 700 | 1 | _aArcher, David. | |
| 710 | 2 | _aActionAid (Organization) | |
| 710 | 2 | _aebrary, Inc. | |
| 856 | 4 | 0 |
_uhttp://site.ebrary.com/lib/rucke/Doc?id=10480055 _zAn electronic book accessible through the World Wide Web; click to view |
| 999 |
_c118129 _d118129 |
||